000 00331nam a2200145Ia 4500
008 230718s9999 xx 000 0 und d
041 _aEng.
082 _a640.07
_bDUG-T
100 _aDugal, Haroon
245 0 _aTrust Act (1882
260 _aPakistan
_bIrfan low boocheer
_c2003
300 _a261
650 _aLaw
999 _c26844
_d26844